00587nam a2200217 a 450000100060000000300090000600800410001502000150005604000280007108200100009910000190010924500370012826000370016530000100020249000280021265000290024065000320026965000390030194200120034099900170035219376CO-ViMGA141112s2004 ck r 000 u spa d a8426110460 aCO-ViMGAbspacCO-ViMGA04aHERca1 aHerge, 92785410aEl Cangrejo de las pinzas de oro aBarcelona : bEd. Juventud; 1999 a62 p. aLas Aventuras de Tintin14aCUENTOS INFANTILES9274314aHISTORIAS DE AVENTURAS987014aTIRAS COMICAS - HISTORIETAS927855 2ddccBK c28528d28528